Statistics for Famous French People - Picture Quiz

Click here to take the quiz!

General Stats

  • This quiz has been taken 180 times
  • The average score is 9 of 16

Answer Stats

Answer% Correct
Brigitte Bardot
85%
Nicolas Sarkozy
79%
Zinedine Zidane
78%
Gabrielle "Coco"Chanel
76%
Roman Polanski
67%
François Hollande
65%
François Mitterrand
63%
Vanessa Paradis
55%
Simone de Beauvoir
51%
Jean-Paul Sartre
49%
Juliette Binoche
48%
Alain Delon
42%
Alain Prost
39%
Audrey Tautou
39%
Isabelle Huppert
28%
Sarah Bernhardt
11%

Score Distribution

Percentile by Number Answered

Percent of People with Each Score

Your Score History

You have not taken this quiz